<?xml version="1.0" encoding="UTF-8"?>
<collection xmlns="http://www.loc.gov/MARC21/slim">
  <record>
    <leader>00000nam  2200000   4500</leader>
    <controlfield tag="001">INLIS000000000000713</controlfield>
    <controlfield tag="005">20180724135855</controlfield>
    <controlfield tag="008">180724|||||||||   |   |||   |||| ||   | </controlfield>
    <datafield tag="035" ind1=" " ind2=" ">
      <subfield code="0">010-0718000713</subfield>
    </datafield>
    <datafield tag="041" ind1=" " ind2=" ">
      <subfield code="a">id</subfield>
    </datafield>
    <datafield tag="082" ind1=" " ind2=" ">
      <subfield code="a">035</subfield>
    </datafield>
    <datafield tag="090" ind1=" " ind2=" ">
      <subfield code="a">R.035 PIM I 2015</subfield>
    </datafield>
    <datafield tag="100" ind1=" " ind2=" ">
      <subfield code="a">Merdijanto Untung</subfield>
    </datafield>
    <datafield tag="245" ind1=" " ind2=" ">
      <subfield code="a">Otomatisasi Peralatan Pengamatan Meteorologi Dan Klimatologi Guna Meningkatkan Kecepatan Dan Keakuratan Data Dalam Rangka Pelayanan Prima.</subfield>
    </datafield>
    <datafield tag="260" ind1=" " ind2=" ">
      <subfield code="a">Jakarta</subfield>
      <subfield code="b">LAN Jakarta</subfield>
      <subfield code="c">2015</subfield>
    </datafield>
    <datafield tag="300" ind1=" " ind2=" ">
      <subfield code="a">39 hlm.</subfield>
    </datafield>
    <datafield tag="500" ind1=" " ind2=" ">
      <subfield code="a">Untuk memenuhi kebutuhan data yang regular, online, tepat waktu dengan resolusi tinggi, diperlukan inovasi bidang pengamatan yaitu otomatisasi peralatan pengamatan meteorology dan klimatologi, menghasilkan data digital. Data digital tersebut selanjutnya diintegrasikan dengan WMO Integrted Global Observing System (WIGOS) melalui OSCAR. Selanjutnya akan mendukung pelaksanaan Global Air Navigation Plan (GANP) dalam rangka keselamatan dan efisiensi penerbangan. Data meteorology ini akan masuk dalam system Air Trafict Management.</subfield>
    </datafield>
    <datafield tag="650" ind1=" " ind2=" ">
      <subfield code="a">Meteorologi</subfield>
    </datafield>
  </record>
</collection>
